Rocco e i suoi Fratelli Ο Ρόκο και τα αδέρφια του
Η χήρα Ροσάρια μετακομίζει στο Μιλάνο από το χωριό της, με τους 4 γιούς της. Ο πέμπτος της γυιός ο Βινσέντζο ζεί ήδη στο Μιλάνο. Στην αρχή η οικογένεια έχει πολλά προβλήματα, αλλά στο τέλος καταφέρνουν να τακτοποιηθούν και θα βρεθεί μιά δουλειά για τον καθένα. Ο Σιμόν παίζει μπόξ, ο Ρόκκο δουλεύει σ...
Αποθηκεύτηκε σε:
| Άλλοι συγγραφείς: | , , , , , |
|---|---|
| Μορφή: | |
| Γλώσσα: | Italian Greek |
| Δημοσίευση: |
Αθήνα :
Art Free,
2006.
|
| Θέματα: | |
| Ετικέτες: |
Προσθήκη ετικέτας
Δεν υπάρχουν, Καταχωρήστε ετικέτα πρώτοι!
|
MARC
| LEADER | 00000cgm a2200000 i 4500 | ||
|---|---|---|---|
| 001 | 1/96841 | ||
| 008 | 081107s2006 gr ||| | || ||ita|| | ||
| 035 | |l 10101491 | ||
| 040 | |a GR-MyUa |b gre |e AACR2 | ||
| 041 | 1 | |a ita |j gre | |
| 082 | 7 | |a 791.437 |2 (22) | |
| 245 | 0 | 0 | |a Rocco e i suoi Fratelli |h [μαγνητοσκόπηση] = |b Ο Ρόκο και τα αδέρφια του / |c του Λουκίνο Βισκόντι. |
| 246 | 1 | |i Παράλληλος τίτλος: |a Ο Ρόκο και τα αδέρφια του | |
| 260 | |a Αθήνα : |b Art Free, |c 2006. | ||
| 300 | |a 1 βιντεοδίσκος (159 λεπτ.) : |b ομίλ., ασπρόμ. ; |c 4 3/4 ίν. | ||
| 500 | |a Κυκλοφόρησε πρώτη φορά ως κινηματογραφική ταινία το 1960. | ||
| 511 | 0 | |a Αλαίν Ντελόν, Ρενάτο Σαλβατόρι, Κατίνα Παξινού, Σπύρο Φωκά, Αννί Ζιραντό. | |
| 520 | |a Η χήρα Ροσάρια μετακομίζει στο Μιλάνο από το χωριό της, με τους 4 γιούς της. Ο πέμπτος της γυιός ο Βινσέντζο ζεί ήδη στο Μιλάνο. Στην αρχή η οικογένεια έχει πολλά προβλήματα, αλλά στο τέλος καταφέρνουν να τακτοποιηθούν και θα βρεθεί μιά δουλειά για τον καθένα. Ο Σιμόν παίζει μπόξ, ο Ρόκκο δουλεύει σε στεγνοκαθαριστήριο και ο Τσίρο πηγαίνει σχολείο. Ο Σιμόν, θα συναντηθεί με την Νάντια, μια νεαρή πόρνη, με την οποία θα αναπτύξει ένα φλογερό ειδύλλιο. Μετά από λίγο καιρό όμως, ο Ρόκκο αφού τελειώσει το στρατιωτικό, θα πέσει στα δίκτυα της, και θα αναπτύξει κι αυτός μια σχέση μαζί της. Η πίκρα και η ζήλεια θα ανάψει τις φλόγες της ανάμεσα στα δυό αδέλφια και οι αψυμαχίες θα τους οδηγήσουν πολύ μακρυά , τόσο μακρυά, όσο ένας φόνος... | ||
| 521 | 8 | |a Ακατάλληλο κάτω των 18 ετών. | |
| 546 | |a Στα ιταλικά με ελληνικούς υπότιτλους. | ||
| 655 | 7 | |a Feature films |2 lcgft | |
| 650 | 0 | |a Families |z Italy |v Drama. | |
| 700 | 1 | |a Visconti, Luchino, |d 1906-1976, |e drt | |
| 700 | 1 | |a Delon, Alain, |d 1935- |e act | |
| 700 | 1 | |a Salvatori, Renato, |e act | |
| 700 | 1 | |a Παξινού, Κατίνα, |d 1900-1973, |e act | |
| 700 | 1 | |a Φωκάς, Σπύρος, |e act | |
| 700 | 1 | |a Girardot, Annie, |d 1931-2011, |e act | |
| 852 | |a INST |b SYROS |c AV |e 20081107 |h 791.437 VIS |p 005500008936 |q 005500008936 |t DVD |y 23 | ||
| 901 | |a BIBL5-2008-1 | ||
| 922 | |a 5ΕΛΗ |b 200709 |c Βιβλιοθήκη Σύρου |d Anaco | ||
| 970 | |a Κοντού |b Παρασκευή |z 07/11/2008 | ||